Unité urbaine de Bagnères-de-Bigorre sur une carte - Statistiques

Statistiques générales
  • Ce quiz a été pris 24 fois
  • Le résultat moyen est 7 sur 10
Réponses sur la Carte
Les réponses sont colorées sur une échelle allant du rouge au vert en fonction du pourcentage des utilisateurs qui les ont devinées à leur premier essai. Vous pouvez retrouver ces pourcentages ci-dessous.
 
Statistiques - réponses
Réponse % Correct
Bagnères-de-Bigorre
100%
Pouzac
82%
Campan
76%
Gerde
76%
Trébons
76%
Asté
71%
Beaudéan
53%
Ordizan
53%
Labassère
47%
Neuilh
35%
Aucun quiz correspondant
Distribution des résultats
% des personnes avec chaque résultat
Percentile par nombre de réponses
Votre historique - résultats
Vous n’avez pas pris ce quiz